000 00783nam a2200253 i 4500
001 16047
003 ES-MaACL
005 20251003063034.0
007 t|
008 000620s1997 sp ||||0| spa j
020 _a84-264-1248-3
040 _aM-BN
_bspa
_cM-BN
080 _a821.133.1-31"19"
100 1 _aCéline, Louis-Ferdinand,
_d1894-1961
_937358
245 1 0 _aFantasía para otra ocasión /
_cLouis-Ferdinand Céline ; traducción de Carlos Manzano.
260 _aBarcelona :
_bLumen,
_c[1997]
300 _a259 p. ;
_c23 cm.
490 1 _aPalabra en el tiempo ;
_v248
700 1 _aManzano, Carlos.
_976216
830 0 _aPalabra en el tiempo ;
_v248
_9177857
852 _aES-MaACL
_jL-23303
_bR.128491
999 _c16047
_d16047